000 00687cam a22002172 4500
001 0000001477
005 20151217151818.0
008 070313s xx 000 0 eng d
020 _a0199288143 :
_cKES 3,000
040 _aKABU
_cKABU
050 0 _aHB172.5
_b.S73
245 1 0 _aStability with growth :
_bMacroeconomics, liberalization and development /
_cJoseph E. Stiglitz ... [et al.]
260 _aOxford :
_bOUP,
_c2006.
300 _axi, 139 p.
650 0 _aMacroeconomics.
_@0000149933
650 0 _aSustainable development.
_@0000150129
700 1 _aStiglitz, Joseph E.
_@0000150261
908 _a070313
950 _@1
999 _c5280
_d5280